Iron Words Quiz Stats

 Plays Quiz Updated Sep 24, 2019

Score 0/10 Timer 01:00
0 Plays Today
% Correct
Featherweight
95.3%
Federation
94.8%
Fettuccine
93.8%
Ferret
93.5%
Feta
92.9%
Ferromagnetic
91.4%
Fez
91.2%
Fennel
88.9%
Febrile
81.2%
Fecund
66.3%

You're not logged in!

Compare scores with friends on all Sporcle quizzes.
OR
Log In

Sporcle TV

Today on Sporcle TV


Watch our educational content, quiz creation guides, and fun videos on Sporcle TV.

Show Comments

Extras

Top Quizzes Today


Score Distribution

Your Account Isn't Verified!

In order to create a playlist on Sporcle, you need to verify the email address you used during registration. Go to your Sporcle Settings to finish the process.

Report this User

Report this user for behavior that violates our Community Guidelines.

Details: